Nový fenomén vo svetových financiách
Procesy prebiehajúce vo svetových financiách. Finančné inovácie: forwardy, futuritá, opcie a swap. Stratégie finančného investovania: stratégia zabezpečenia portfólia, hedgingové, tradingové, arbitrážne stratégie. Finančné inžinierstvo. Rozvoj obchodu s finančnými derivátmi.
Guardado en:
| Autor principal: | |
|---|---|
| Formato: | Capítulo de libro |
| Lenguaje: | eslovaco |
| Materias: | |
| Etiquetas: |
Sin Etiquetas, Sea el primero en etiquetar este registro!
|
MARC
| LEADER | 00000naa a2200000 4500 | ||
|---|---|---|---|
| 001 | r021922 | ||
| 005 | 20230811094353.8 | ||
| 041 | 0 | |a slo | |
| 044 | |a SK | ||
| 245 | 1 | 0 | |a Nový fenomén vo svetových financiách |c Karol Vlachynský |
| 520 | |a Procesy prebiehajúce vo svetových financiách. Finančné inovácie: forwardy, futuritá, opcie a swap. Stratégie finančného investovania: stratégia zabezpečenia portfólia, hedgingové, tradingové, arbitrážne stratégie. Finančné inžinierstvo. Rozvoj obchodu s finančnými derivátmi. | ||
| 610 | 2 | 0 | |a financie medzinárodné |
| 610 | 2 | 0 | |a inovácia |
| 610 | 2 | 0 | |a financie |
| 610 | 2 | 0 | |a opcie |
| 610 | 2 | 0 | |a swap |
| 610 | 2 | 0 | |a deriváty |
| 610 | 2 | 0 | |a futurity |
| 610 | 2 | 0 | |a forwardy |
| 610 | 2 | 0 | |a investovanie |
| 100 | 1 | |a Vlachynský, Karol | |